000 00962cab a2200301 4500
001 WB3116-115
008 090401t1995 xxu||||| |||| 00| 0 eng d
035 _a(Sirsi) u11286
041 _aeng
245 _aValuation
260 _c1995
350 _a0
490 _aEstates Gazette Case Summaries
_v1995 EGCS 69 (22 April 1995)
520 _a"Nykredit Mortgage Bank plc v Edward Erdman Group Ltd", CA 12 April 1995, which concerned the valuation for mortgage purposes of a disused factory site for development.
650 _aBANQUE BRUXELLES LAMBERT SA V EAGLE STAR INSURANCE CO LTD
650 _aDEVELOPMENT SITE
650 _aFALLING MARKET
650 _aFORESEEABILITY
650 _aINTEREST RATES
650 _aMORTGAGE VALUATIONS
650 _aNEGLIGENCE
650 _aRECESSION
650 _aSPECULATION
650 _aVALUERS
690 _aMANAGEMENT-BUSINESS MANAGEMENT-PROFESSIONAL PRACTICE
942 _n0
948 _c04/03/1997
999 _c7182
_d7182